| 000 | 00871nam a2200265 a 4500 | ||
|---|---|---|---|
| 001 | 527 | ||
| 003 | BR-CuiBMT | ||
| 005 | 20231127032738.0 | ||
| 008 | 231108b2006 spb 000 0 por d | ||
| 020 | _a8502056409 | ||
| 040 |
_aBR-CuiBMT _cBR-CuiBMT |
||
| 080 |
_22007 _a343.2/.7 |
||
| 090 |
_a343.2/.7 _bC241c _c6. ed. |
||
| 100 | 1 | _aCapez, Fernando | |
| 245 | 1 | 0 |
_aCurso de direito penal : _bparte especial / _cFernando Capez. |
| 250 | _a6. ed., rev. e atual. | ||
| 260 |
_aSão Paulo : _bSaraiva, _c2006. |
||
| 300 |
_a v. ; _c23 cm |
||
| 504 | _aInclui bibliografia. | ||
| 505 | 1 | _av. 2. Dos crimes contra a pessoa a dos crimes contra o sentimento religioso e contra o respeito aos mortos (arts. 121 a 212) | |
| 590 | _8A Biblioteca possui apenas o volume 2. | ||
| 650 |
_aDireito penal _zBrasil |
||
| 650 |
_aDireito processual penal _zBrasil |
||
| 942 |
_2udc _cLV |
||
| 999 |
_c527 _d527 |
||